|
|
|
|
| LEADER |
00988ncm a22002412a 4500 |
| 001 |
001200737 |
| 003 |
CZ BrMZK |
| 005 |
20130227130743.0 |
| 007 |
qu |
| 008 |
120315s1915 gw |||||||||||||||||ger d |
| 040 |
|
|
|a BOA001
|b cze
|
| 072 |
|
7 |
|a 782
|x Divadelní hudba. Opera, opereta, muzikál
|2 Konspekt
|9 9
|
| 100 |
1 |
|
|a Eysler, Edmund,
|d 1874-1949
|7 jn20010602505
|4 cmp
|
| 245 |
1 |
4 |
|a Die oder Keine!
|h [hudebnina] :
|b Operette in drei Akten von Leo Stern und Bela Jenbach : Klavierauszug zu 2 Händen mit unterlegtem Text /
|c Edmund Eysler
|
| 260 |
|
|
|a Leipzig :
|b Doblinger,
|c 1915
|
| 300 |
|
|
|a 83 s.
|
| 700 |
1 |
|
|a Stein, Leo,
|d 1862-1920
|7 xx0039198
|4 lbt
|
| 700 |
1 |
|
|a Jenbach, Bela,
|d 1871-1943
|7 pna2006338019
|4 lbt
|
| 910 |
|
|
|a BOA001
|b Mus4-0361.476
|
| 990 |
|
|
|a MU
|
| 991 |
|
|
|b 201203
|
| 996 |
6 |
|
|b 2619598527
|c Mus4-0361.476
|l MZK
|r Sklad / do 1 hodiny
|n 0
|w 001234242
|u 000020
|a 1
|e BOA001
|j MZK50
|s P
|
| 996 |
6 |
|
|b 2619598528
|c Mus4-0361.476
|l MZK
|r Sklad / do 1 hodiny
|n 0
|w 001234242
|u 000010
|a 1
|e BOA001
|j MZK50
|s P
|